000 00473nam a2200133 4500
001 5168
005 20181127174932.0
090 0 0 _a248.26 W2469d [2015]
245 0 0 _aParo festival :
_bsnapshots of Bhutan 's finest cultural extravaganza /
_cBhutan Communications Services.
_h
260 0 0 _aThimphu :
_bBhutan Communications Services,
_c2015.
300 0 0 _avarious pages.
650 0 0 _aBuddhist monasteries --Bhutan --Guidebooks.
_x
650 0 0 _aReligious life --Buddhism --Bhutan.
_x
999 _c4330
_d4330